Soap Operas by Initials - Statistics

General Stats
  • This quiz has been taken 980 times
  • The average score is 8 of 12
Answer Stats
Initials Years Hint Answer % Correct
D 1978–1991 PT soap. Who shot J.R. Ewing? Dallas
88%
DOOL 1965-present “Like sands through the hourglass” Days of Our Lives
88%
GH 1963-present Luke & Laura General Hospital
86%
AMC 1970-2011 Susan Lucci as Erica Kane All My Children
79%
ATWT 1956-2010 set in fictional Oakdale As the World Turns
73%
D 1981-1991 PT soap set in Denver, with Joan Collins Dynasty
71%
TBATB 1987-present centers on fashion industry The Bold and the Beautiful
68%
GL 1952-2009 (!) set in fictional town Springfield Guiding Light
64%
KL 1979-1993 PT spin-off of ^. Set in L.A. cul-de-sac Knots Landing
59%
PP 1964-1969 the first PT (primetime) soap Peyton Place
44%
DS 1966-1971 supernatural cult classic Dark Shadows
38%
TEON 1956-1984 set in fictional city Monticello The Edge of Night
33%
No matching quizzes found
Score Distribution
Percent of People with Each Score
Percentile by Number Answered
Your Score History
You have not taken this quiz